Chalk up another one
Guardat en:
| Autors principals: | , |
|---|---|
| Format: | Llibre |
| Idioma: | anglès |
| Publicat: |
New Brunswick
Rutgers University Press
1992
|
| Edició: | 1a. ed |
| Matèries: | |
| Etiquetes: |
Afegir etiqueta
Sense etiquetes, Sigues el primer a etiquetar aquest registre!
|
MARC
| LEADER | 00000cam a2200000 a 4500 | ||
|---|---|---|---|
| 001 | UCE3917 | ||
| 003 | CL-VaPUC | ||
| 008 | 141003e19920000us |||||||||||||||||eng|d | ||
| 020 | |a 0813522609 | ||
| 082 | 0 | 4 | |a 500.0207 |b HAR |2 21 |
| 100 | |a Harris, Sidney |e author |9 576450 | ||
| 700 | |a Lederman, Leon M |e author |9 576446 | ||
| 245 | 1 | 0 | |a Chalk up another one |
| 250 | |a 1a. ed | ||
| 300 | |a 146 p | ||
| 942 | |c BK | ||
| 945 | |d 20141003 14:17:00 |a arojas | ||
| 260 | |a New Brunswick |b Rutgers University Press |c 1992 | ||
| 650 | 0 | |a Caricaturas |9 359381 | |
| 650 | 0 | |a Dibujos animados |9 341013 | |
| 650 | 0 | |a Humor gráfico |9 536655 | |
| 650 | 0 | |a Ciencia |9 255691 | |
| 583 | |a last modification |c 20141003 14:17:00 |k Rodrigo Vera | ||
| 999 | |c 357034 |d 357032 | ||
| 952 | |0 0 |1 0 |3 erb |4 0 |6 500_020700000000000_HAR_1992 |7 0 |8 A |9 464841 |a BIBCUR |b BIBCUR |i 5116309 |o 500.0207 HAR 1992 |p 5116309 |r 2025-04-22 |w 2019-11-23 |y BK |z Catalogado en:20141003 |k BCB | ||